| 000 | 00331nam a2200109Ia 4500 | ||
|---|---|---|---|
| 008 | 171211s9999 xx 000 0 und d | ||
| 245 | _aHealth Care Budgeting and Financial Management, 2nd Edition | ||
| 245 | _cWilliam J. Ward Jr. | ||
| 260 | _c2016 | ||
| 650 | _xBUSINESS | ||
| 856 | _uhttp://down.ebook777.com/063/9781440844287.pdf | ||
| 999 |
_c349458 _d349458 |
||